STARTING SCIENCE

Bibliographic Details
Main Authors: Alan Fraser (Author), Ian Gilchrist (Author)
Format: Book
Published: New York Oxford University Press ♭1985
Edition:Book one
Subjects:
LEADER 00874cam a2200265 i 4500
001 0000150723
005 20260407090000.0
008 260407t1985 nyua e eng
020 |a 9780199142354  |q paperback  |c RM79.90 
040 |a RMC  |b eng  |c RMC  |e rda 
090 0 0 |a 503  |b STA 
245 1 0 |a STARTING SCIENCE  |c Alan Fraser, Ian Gilchrist 
250 |a Book one 
264 1 |a New York  |b Oxford University Press  |c ♭1985 
300 |a 122pages  |b illustrations,color,photo  |c 28cm 
336 |a text  |2 rdacontent 
337 |a unmediated  |2 rdamedia 
338 |a volume  |2 rdacarrier 
500 |a included index 
650 0 |a Science  |x Study and teaching 
650 1 0 |a Environmental studies 
700 1 |a Alan Fraser  |e author 
700 1 |a Ian Gilchrist  |e author 
852 1 |a RMC 
999 |a M000000187  |b Royal Military College  |d BOOKS  |e Rujukan  |f Royal Military College  |j AVAILABLE  |q GOOD CONDITION